000 00470nam a22001337a 4500
008 140113b xxu||||| |||| 00| 0 eng d
050 _aLB41.P572 1998
100 _aEvans, Karen
_96563
245 _aLearning for a living?
_bThe powerful, the dispossessed and the learning revolution
260 _aLondon
_bInstitute of Education University of London
_c2003
300 _a39p.;
_c21cm
650 _aEducation
_y1945
_zGreat Britain
_96564
942 _2lcc
_cMONOGRAPH
_01
999 _c119537
_d119537